[Event "BUL-ch U20"]
[Site "Sofia"]
[Date "2023.02.02"]
[Round "3"]
[White "Mikov, Simeon"]
[Black "Stoyanov, Daniel"]
[Result "1/2-1/2"]
[WhiteElo "1595"]
[BlackElo "1917"]
[PlyCount "29"]
[EventDate "2023.02.01"]
[EventType "swiss"]
[EventRounds "7"]
[EventCountry "BUL"]
[SourceTitle "CBM 212 Extra"]
[Source "ChessBase"]
[SourceDate "2023.03.31"]
[SourceVersion "1"]
[SourceVersionDate "2023.03.31"]
[SourceQuality "1"]

1. e4 d5 2. exd5 Qxd5 3. Nc3 Qd6 4. g3 Nf6 5. Bg2 a6 6. d3 Nc6 7. h3 g6 8. Nf3 Bg7 9. 0-0 0-0 10. Re1 Re8 11. Bf4 Qd8 12. Qd2 h5 13. Bh6 Bh8 14. Qf4 Qd6 15. Re2 1/2-1/2

[Event "BUL-ch U20"]
[Site "Sofia"]
[Date "2023.02.01"]
[Round "1"]
[White "Mikov, Simeon"]
[Black "Ignatov, Georgi"]
[Result "0-1"]
[WhiteElo "1595"]
[BlackElo "2059"]
[PlyCount "66"]
[EventDate "2023.02.01"]
[EventType "swiss"]
[EventRounds "7"]
[EventCountry "BUL"]
[SourceTitle "CBM 212 Extra"]
[Source "ChessBase"]
[SourceDate "2023.03.31"]
[SourceVersion "1"]
[SourceVersionDate "2023.03.31"]
[SourceQuality "1"]

1. e4 c5 2. c4 g6 3. Nc3 Bg7 4. g3 Nc6 5. Bg2 d6 6. d3 e6 7. Nge2 Nge7 8. 0-0 0-0 9. Be3 Nd4 10. f4 Rb8 11. Rb1 a6 12. g4 f5 13. exf5 gxf5 14. g5 b5 15. Ng3 Bb7 16. h4 Bxg2 17. Kxg2 e5 18. Bxd4 cxd4 19. Nce2 bxc4 20. dxc4 Ng6 21. Rh1 exf4 22. Nh5 f3+ 23. Kxf3 Qe8 24. Nxg7 Qe3+ 25. Kg2 d3 26. Nh5 dxe2 27. Qd5+ Kh8 28. Qf3 Nxh4+ 29. Rxh4 e1N+ 30. Rxe1 Rxb2+ 31. Kg3 Qxe1+ 32. Kh3 Rf2 33. Qb7 Qf1+ 0-1